000 01135nam a2200229Ia 4500
003 Ost
005 20260507075646.0
008 260507s9999||||xx |||||||||||||| ||und||
040 _cfsecg
041 _aara
082 _a379.12
100 _eمؤلف
245 0 _aالتعليم الإداري العربي :
_bالآفاق والتحديات /
260 _aالقاهرة:
_bالمنظمة العربية للتنمية الإدارية,
_c1997
300 _a373 صفحة؛
_bإيضاحات ؛
_c27 سم
490 _aالندوات المؤتمرات
_v9
520 _aالإتجاهات والتغيرات العالمية والإقليمية في ميادين الإقتصاد والأعمال وانعكاساتها على الإدارة- الإستراتيجيات الموجهة بالطلب في التعليم الإداري- متطلبات التحول الى الإستراتيجيات الموجهة بالطلب من حيث آليات وكيفية احداث التحول.
653 _aالتعليم
653 _aالتعليم الإداري
653 _aالتعليم العربي
942 _cكتاب
999 _c45495
_d45495